Tracts on listening to music : being D̲h̲amm al-malāhī, by Ibn abī 'l-Dunyā, and Bawāriq al-ilmāʻ, by Majd al-Dīn al-Tūsī al-Ghazālī /

محفوظ في:

المؤلف الرئيسي: Ibn Abī al-Dunyā, ʿAbd Allāh ibn Muḥammad, 823-894 (مؤلف)

مؤلفون آخرون: Robson, James, 1733-1806., Ghazālī, Aḥmad ibn Muḥammad,‪ -1126.

التنسيق: كتاب

اللغة: English

منشور في: London : The Royal Asiatic Society, 1938.

سلاسل: Oriental translation fund. New series ; 34.

الموضوعات:

الوسوم: إضافة وسم

لا توجد وسوم, كن أول من يضع وسما على هذه التسجيلة!

رقم الطلب: BP175 .M812 1938

LEADER 01083namaa2200277 4500
001 11933
003 OSt
005 20250305115124.0
008 130303s1938 enk b 000 0 eng d
010 |a 42002119 
040 |c ARCE Library 
050 4 |a BP175 .M812 1938 
100 1 |a Ibn Abī al-Dunyā, ʿAbd Allāh ibn Muḥammad,  |d 823-894,  |e author 
245 1 0 |a Tracts on listening to music :  |b being D̲h̲amm al-malāhī, by Ibn abī 'l-Dunyā, and Bawāriq al-ilmāʻ, by Majd al-Dīn al-Tūsī al-Ghazālī /   |c Edited with introduction, translation, and notes, by James Robson. 
264 1 |a London :  |b The Royal Asiatic Society,  |c 1938. 
300 |a viii, 192 pages ;  |c 22 cm. 
490 0 |a Oriental translation fund. New series ;   |v 34. 
504 |a Bibliography : pages [185]-187. 
650 0 |a Islamic ethics. 
650 0 |a Music  |x Moral and ethical aspects. 
700 1 |a Robson, James,  |d 1733-1806. 
700 1 2 |a Ghazālī, Aḥmad ibn Muḥammad,‪  |d -1126.  |t Bawāriq al-ilmāʻ. 
740 0 2 |a Bawāriq al-ilmāʻ. 
901 |a reviewed 
942 |c BK  |2 lcc 
999 |c 12211  |d 12211